| 000 | 00480nam a2200193Ia 4500 | ||
|---|---|---|---|
| 003 | BUBTL | ||
| 008 | 151213s9999 xx 000 0 und d | ||
| 082 | _a677LIH | ||
| 100 |
_a Liu,Conway _91081 |
||
| 245 | _aHow To Be A Smarter Garment Merchandiser | ||
| 260 |
_aHong Kong _cc2009 |
||
| 300 |
_a292p. _bills. _c21cm. |
||
| 650 | _aTextile | ||
| 650 | _aTextile | ||
| 700 |
_a Liu,Conway _91082 |
||
| 856 |
_k0 _l0 _yDownload |
||
| 942 |
_2ddc _cBK |
||
| 999 |
_c4142 _d4142 |
||